Islands - Sudden Death! - Statistics

General Stats
  • This quiz has been taken 335 times
    155 since last reset
  • The average score is 8 of 16
Answers on the Grid
Answers color-coded by a green-red scale on the quiz's grid according to % correct below.
Greenland
Asia
Honshu
Malaysia
Java
Baffin Island
New Guinea
Timor
Borneo
Rhode Island
El Salvador
Cuba
Bahrain
Tasmania
Greece
Madrean Sky Islands
Bir Tawil
Suicide Island
Disappointment Islands
Easter Island
Bhutan
Socotra
Tropical Soda Isles
Salmon Island
San Serriffe
Mainland Island
Costa Rica
St. Kitts and Nevis
 
Answer Stats
Answer % Correct
Greenland on google maps. Greenland
95%
Java on google maps Java
72%
Cuba on google maps Cuba
67%
Honshu on google maps Honshu
64%
Borneo on google maps Borneo
63%
Baffin island on google maps Baffin Island
59%
Easter Island on google maps Easter Island
57%
Tasmania on google maps Tasmania
55%
New Guinea on google maps New Guinea
54%
Timor on google maps Timor
54%
Saint Kitts and Nevis on google maps St. Kitts and Nevis
50%
Bahrain on google maps Bahrain
47%
Socotra on google maps Socotra
33%
There are several islands called 'Salmon Island.' Salmon Island
20%
The Disappointment Islands on google maps Disappointment Islands
17%
Mainland Island on google maps Mainland Island
9%
No matching quizzes found
Score Distribution
Percent of People with Each Score
Percentile by Number Answered
Your Score History
You have not taken this quiz since the last reset